Presidents of the Filipino Senate - Statistics

General Stats
  • This quiz has been taken 7 times
  • The average score is 8 of 32
Answer Stats
Hint Answer % Correct
1916 - 1935 Manuel L. Quezon
83%
1963 - 1965 Ferdinand Marcos
67%
1945 - 1946 Manuel Roxas
67%
2018 - 2022 Tito Sotto
50%
2025 - Present Tito Sotto
50%
1966 - 1967 Arturo Tolentino
17%
1999 - 2000 Blas Ople
17%
1952 Camilo Osías
17%
1953 Camilo Osías
17%
1993 - 1995 Edgardo Angara
17%
1996 - 1998 Ernesto Maceda
17%
1952 - 1953 Eulogio Rodriguez
17%
1953 - 1963 Eulogio Rodriguez
17%
2024 - 2025 Francis Escudero
17%
2000 Franklin Drilon
17%
2001 - 2006 Franklin Drilon
17%
2013 - 2016 Franklin Drilon
17%
1967 - 1973 Gil Puyat
17%
1946 - 1949 José Avelino
17%
1953 Jose Zulueta
17%
1987 - 1992 Jovito Salonga
17%
2022 - 2024 Juan Miguel Zubiri
17%
2008 - 2013 Juan Ponce Enrile
17%
2016 - 2018 Koko Pimentel
17%
2006 - 2008 Manny Villar
17%
1998 - 1999 Marcelo Fernan
17%
1949 - 1951 Mariano Jesús Cuenco
17%
2000 - 2001 Nene Pimentel
17%
1992 - 1993 Neptali Gonzales
17%
1995 - 1996 Neptali Gonzales
17%
1998 Neptali Gonzales
17%
1952 Quintín Paredes
17%
No matching quizzes found
Score Distribution
Percent of People with Each Score
Percentile by Number Answered
Your Score History
You have not taken this quiz